[Event "Karpov Trophy XVI 2018"]
[Site "Cap d/^Agde"]
[Date "2018.10.27"]
[Round "1.1"]
[White "Onischuk, Alexander"]
[Black "Kollar, Frank"]
[Result "1-0"]
[WhiteElo "2647"]
[BlackElo "2186"]
[Annotator "TA"]
[PlyCount "69"]
[EventDate "2018.10.17"]
[EventCountry "FRA"]
[SourceTitle "playchess.com"]
[Source "ChessBase"]
[SourceQuality "1"]

{[%evp 17,69,0,7,0,53,53,53,45,53,45,54,46,62,50,48,45,58,57,56,53,62,47,52,69,92,68,83,0,97,81,119,122,118,116,133,161,143,145,145,129,132,142,162,168,168,135,564,604,604,576,570,163,814,264]} 1. e4 c5 2. Nf3 d6 3. d4 cxd4 4. Nxd4 Nf6 5. Nc3 g6 6. g3 Bg7 7. Bg2 O-O 8. h3 Nc6 9. Nb3 {B70: Sicilian Dragon: 6 g3 and 6 Be2 (without a later Be3)} Be6 {LiveBook: 4 Games} 10. Nd5 Bxd5 $146 ({Black should try} 10... Bd7 $11) ({Predecessor:} 10... b5 11. O-O a5 12. a4 bxa4 13. Rxa4 Nd7 14. Be3 Qb8 15. c3 Rc8 {1-0 (37) Ivanov,A (2657)-Vigorito,D (2322) Manchester 1994}) 11. exd5 $14 {White is slightly better.} Ne5 12. O-O Rc8 13. c3 Qc7 14. Re1 Qc4 15. a4 {[%cal Ba2a4,Ba4a5][%mdl 32]} Rfe8 16. a5 a6 17. Ra3 Qc7 18. Ra4 Nc4 19. Bf1 Ne5 20. Rb4 Ned7 21. Bg2 Ne5 22. Bf1 Ned7 $1 23. Be3 Nc5 24. Nxc5 dxc5 25. Rb6 Nd7 26. Bf4 Be5 27. Rxe5 $1 Nxe5 28. Qe2 $36 {[%mdl 2048] White is in control.} f6 {[#]} 29. h4 $1 Qd7 30. Bxe5 fxe5 31. Qxe5 c4 $2 {[%mdl 8192]} (31... Qf5 $16 32. Qxf5 gxf5) 32. Re6 $18 Rc5 {[#]} 33. Bg2 $1 Qc7 {White must now prevent ...Qxe5.} 34. Qg5 $2 ({Worse is} 34. Qxc7 Rxc7 35. d6 Rd7 $11) (34. Qe4 Rf8 35. h5 (35. Rxe7 Qd6 $16)) 34... Rf8 $2 ({Don't go for} 34... Rxa5 $2 35. Be4 $18) (34... Qd7) 35. Rxe7 $2 {Precision: White = 63%, Black = 35%.} (35. Bh3 Kh8 36. Rxe7) 1-0

[Event "Karpov Trophy XVI 2018"]
[Site "Cap d/^Agde"]
[Date "2018.10.27"]
[Round "1.1"]
[White "Fedorchuk, Sergey A."]
[Black "Peric, Slavisa"]
[Result "1-0"]
[WhiteElo "2607"]
[BlackElo "2130"]
[Annotator "RC"]
[PlyCount "55"]
[EventDate "2018.10.17"]
[EventCountry "FRA"]
[SourceTitle "playchess.com"]
[Source "ChessBase"]
[SourceQuality "1"]
[TimeControl "5400+30"]

1. e4 {[%emt 0:00:00]} e6 {[%emt 0:16:57]} 2. d4 {[%emt 0:00:17]} d5 {[%emt 0:00:18]} 3. Nd2 {[%emt 0:00:49]} c5 {[%emt 0:00:07]} 4. Ngf3 {[%emt 0:00:28]} Nc6 {[%emt 0:00:49]} 5. exd5 {[%emt 0:03:29]} Qxd5 {[%emt 0:00:11]} 6. Bc4 {[%emt 0:09:50]} Qd7 {[%emt 0:00:22]} 7. dxc5 {[%emt 0:01:19]} Bxc5 {[%emt 0:00:10]} 8. Qe2 {[%emt 0:00:05]} Nf6 {[%emt 0:00:58]} 9. Nb3 {[%emt 0:00:11]} Be7 {[%emt 0:01:59]} 10. Bf4 {[%emt 0:00:50]} Qd8 {[%emt 0:04:55]} 11. Rd1 {[%emt 0:09:47]} Qb6 {[%emt 0:00:11]} 12. O-O {[%emt 0:00:05]} a6 {[%emt 0:00:40]} 13. Ne5 {[%emt 0:11:42]} Nxe5 {[%emt 0:04:08]} 14. Bxe5 {[%emt 0:00:10]} Bd7 {[%emt 0:00:15]} 15. Rd3 {[%emt 0:04:46]} Bb5 {[%emt 0:08:57]} 16. Bxb5+ {[%emt 0:01:17]} Qxb5 {[%emt 0:07:18]} 17. Nd4 {[%emt 0:00:23]} Qa5 {[%emt 0:04:16]} 18. Rb3 {[%emt 0:06:42]} Qxa2 {[%emt 0:10:47]} 19. Qf3 {[%emt 0:21:03]} O-O {[%emt 0:04:42]} 20. Qxb7 {[%emt 0:00:23]} Rfe8 {[%emt 0:16:21]} 21. Nc6 {[%emt 0:03:24]} Bf8 {[%emt 0:01:57]} 22. Bb8 {[%emt 0:02:40]} Raxb8 {[%emt 0:00:46]} 23. Nxb8 {[%emt 0:00:03]} a5 {[%emt 0:02:23]} 24. Nd7 {[%emt 0:00:26]} Nd5 {[%emt 0:01:03]} 25. Rf3 {[%emt 0:01:49]} Be7 {[%emt 0:02:33]} 26. Ne5 {[%emt 0:00:55]} Nf6 {[%emt 0:00:39]} 27. c4 {[%emt 0:01:01]} Qa4 {[%emt 0:02:10]} 28. Qc6 {[%emt 0:01:27]} 1-0

[Event "Karpov Trophy XVI 2018"]
[Site "Cap d/^Agde"]
[Date "2018.10.27"]
[Round "1.1"]
[White "Shchekachev, Andrei"]
[Black "Aflalo, Sophie"]
[Result "1-0"]
[WhiteElo "2517"]
[BlackElo "2099"]
[Annotator "TA"]
[PlyCount "62"]
[EventDate "2018.10.17"]
[EventCountry "FRA"]
[SourceTitle "playchess.com"]
[Source "ChessBase"]
[SourceQuality "1"]

{[%evp 19,62,76,95,100,102,86,95,87,83,95,97,95,106,79,75,75,121,122,160,91,102,96,160,111,107,136,148,139,221,215,190,185,199,193,444,442,543,537,952,912,893,890,1308,1227,3654]} 1. Nf3 Nf6 2. c4 g6 3. Nc3 Bg7 4. e4 O-O 5. d4 d6 6. Be2 Nbd7 7. O-O e5 8. Be3 Re8 9. Qc2 c6 10. d5 {E94: Königsindisch (Klassisches System)} c5 {LiveBook: 5 Partien} 11. Ne1 (11. Nd2 Rf8 12. Rab1 Ne8 13. Bd3 Qh4 14. b4 b6 15. a3 Bh6 16. Nf3 Qh5 17. Bxh6 Qxh6 {1-0 (60) Lupulescu,C (2643)-Nevednichy,V (2563) Bazna 2014}) 11... Nf8 12. Bd2 $146 {Weiß steht besser.} ({Vorgänger:} 12. Nd3 Ng4 13. Bxg4 Bxg4 14. b4 b6 15. a4 Bd7 16. a5 f5 17. f3 f4 {1-0 (38) Bykov,O (2178)-Khanin,S (2385) Samara 2015}) 12... Bg4 13. Bxg4 Nxg4 14. f3 Nf6 15. Rb1 {[%cal Ba1b1,Bb1b4,Bb4b5][%mdl 32]} Nh5 16. b4 cxb4 17. Rxb4 Qd7 18. Nd3 f5 19. Rfb1 ({Günstiger ist} 19. c5) 19... b6 $16 20. a4 Nf4 (20... Rec8 $142) 21. a5 (21. Nxf4 exf4 22. Bxf4 Bd4+ 23. Kf1 g5 $16) 21... bxa5 {[#]} 22. Rb5 $1 (22. Rb7 Qc8 $14) 22... Qc8 23. c5 ({Schwächer ist} 23. Rxa5 Qxc4 24. Nb4 Bh6 $11) ({Bloß nicht} 23. Nxf4 $6 exf4 24. Qd3 (24. Rxa5 Qxc4 25. Rc1 Rac8 $17) 24... Nd7 $11) 23... fxe4 (23... dxc5 $16 {war einen Versuch wert.} 24. Rxc5 Qd8) 24. Nxf4 exf3 25. Ne6 $1 {[%cal Re6g7]} ({Und nicht} 25. gxf3 exf4 26. c6 Qh3 $11) 25... Nxe6 26. dxe6 fxg2 $2 (26... Qxe6 27. gxf3 d5) 27. Nd5 $18 {Weiß steht klar auf Gewinn.} e4 28. Qxe4 Rxe6 29. Qc4 {[#] Droht stark Se7+.} Kh8 30. c6 Qf8 31. Nc7 Qf3 {Precision: Weiß = 74%, Schwarz = 21%.} 1-0

[Event "Karpov Trophy XVI 2018"]
[Site "Cap d/^Agde"]
[Date "2018.10.27"]
[Round "1.1"]
[White "Toulzac, Pierre-Yves"]
[Black "Kravtsiv, Martyn"]
[Result "0-1"]
[WhiteElo "2136"]
[BlackElo "2654"]
[Annotator "TA"]
[PlyCount "112"]
[EventDate "2018.10.17"]
[EventCountry "FRA"]
[SourceTitle "playchess.com"]
[Source "ChessBase"]
[SourceQuality "1"]

{[%evp 11,112,-39,-39,-45,-45,-45,-45,-49,-43,-47,-40,-45,-16,-44,-46,-46,-49,-45,-45,-36,-27,-40,-39,-45,-20,-32,-6,-10,-12,-31,0,-5,0,-13,0,-10,0,0,0,0,0,0,0,-10,0,-11,-11,-27,-27,-27,-27,-27,-17,-18,-19,-27,-27,-27,-34,-26,-8,-8,-8,-8,-8,-11,0,0,0,0,0,-30,-30,-34,-34,-35,-35,-245,-244,-1024,-1014,-1014,-1006,-993,-902,-999,-995,-943,-762,-29972,-29975,-29973,-29976,-29976,-29976,-29977,-29978,-29982,-29983,-29983,-29981,-29979,-29980]} 1. b3 e5 2. Bb2 Nc6 3. e3 Nf6 4. Bb5 Bd6 5. Na3 a6 6. Be2 {A01: Nimzowitsch-Larsen Opening} Be7 {LiveBook: 6 Games} 7. Nf3 $146 ({Predecessor:} 7. Nc4 e4 8. d4 d5 9. Ne5 O-O 10. Nxc6 bxc6 11. c4 a5 12. Qc2 Bb4+ 13. Bc3 {1-0 (34) Vachier Lagrave,M (2796)-Anand,V (2786) Stavanger 2017}) 7... e4 8. Nd4 {Black is slightly better.} Nxd4 9. exd4 d5 10. c3 Be6 11. Nc2 Qd7 12. Ba3 Bxa3 13. Nxa3 h5 14. Nc2 h4 15. Ne3 g6 16. d3 O-O-O 17. Qc2 exd3 18. Bxd3 Nh5 19. O-O-O Nf4 20. Kb2 f5 21. g3 Nxd3+ 22. Qxd3 f4 23. gxf4 Rdf8 24. Qxg6 Rxf4 25. Rd2 Rhf8 26. Re1 Rxf2 27. Ree2 R2f3 28. Qh6 h3 29. Nf5 R8xf5 30. Qxe6 b6 31. Kc2 Rg5 32. Qxd7+ Kxd7 $11 {[%mdl 4096] Endgame KRR-KRR} 33. Rd3 Rg2 34. Rdd2 Rxe2 35. Rxe2 {KR-KR} c5 36. Kd2 a5 37. Re3 Rf2+ 38. Re2 Rf1 39. Re3 Ra1 40. Rxh3 Rxa2+ 41. Kc1 cxd4 42. cxd4 Kc6 43. Rh6+ Kb5 44. h4 $2 {[#]} (44. h3 $15) 44... Rh2 $19 45. Rh5 $2 (45. Kb1) 45... Kb4 46. Rxd5 Rxh4 47. Kc2 Rh2+ 48. Kd1 Rh3 49. Rd6 b5 {[%cal Bb6b5,Bb5b4][%mdl 32]} 50. d5 Kxb3 {Black mates.} 51. Ra6 a4 {[%cal Ba5a4,Ba4a3,Ba3a2][%mdl 32]} 52. d6 a3 53. Ra5 b4 54. Ra6 a2 55. Kd2 Rh7 56. Kd3 Rd7 {Precision: White = 48%, Black = 69%.} 0-1

[Event "Karpov Trophy XVI 2018"]
[Site "Cap d/^Agde"]
[Date "2018.10.27"]
[Round "1.1"]
[White "Verneuil, Pascal"]
[Black "Gozzoli, Yannick"]
[Result "0-1"]
[WhiteElo "2134"]
[BlackElo "2612"]
[Annotator "TA"]
[PlyCount "64"]
[EventDate "2018.10.17"]
[EventCountry "FRA"]
[SourceTitle "playchess.com"]
[Source "ChessBase"]
[SourceQuality "1"]

{[%evp 18,64,16,0,20,0,0,0,0,-10,0,-16,41,15,33,0,0,0,23,18,35,-11,2,-45,-26,-87,-75,-120,-112,-114,-127,-210,-220,-595,-594,-588,-556,-550,-551,-884,-850,-911,-851,-910,-902,-887,-894,-887,-884]} 1. e4 e5 2. Nf3 Nc6 3. Bc4 Nf6 4. d3 Bc5 5. O-O O-O 6. a4 {C50: Hungarian Defence and Giuoco Pianissimo} a6 7. h3 h6 8. Re1 d6 9. c3 Ba7 10. Na3 {LiveBook: 8 Games} (10. Nbd2 Re8 11. Nf1 Be6 12. Bxe6 Rxe6 13. Be3 Bxe3 14. Nxe3 d5 {½-½ (32) Anand,V (2768)-Grischuk,A (2766) Saint Louis 2018}) 10... Re8 11. Bb3 $146 ({Predecessor:} 11. b4 Be6 12. b5 Nb8 13. Be3 Nbd7 14. bxa6 bxa6 15. Bxa7 Rxa7 16. Bxe6 Rxe6 {0-1 (42) Hoolt,S (2371)-Heimann,A (2589) Germany 2017}) 11... Be6 12. Nc4 Qd7 13. Ne3 Rad8 14. Bxe6 fxe6 ({Black should try} 14... Qxe6 $11 15. Nf5 d5) 15. Ng4 Rf8 16. Be3 Nxg4 17. Bxa7 Nf6 18. Be3 Ne7 19. d4 Nxe4 20. Qc2 exd4 21. Bxd4 {[#]} (21. Qxe4 $11 dxe3 22. Rxe3) 21... Nf6 $1 $17 {[%cal Be4f6,Bf6d5,Bd5f4,Bf4g2][%mdl 32]} 22. Qb3 Nfd5 23. c4 Nf4 24. Rad1 (24. c5 $17) 24... Qc6 $19 25. Nh4 $2 (25. h4) 25... Nf5 {Black is clearly winning.} 26. Nf3 e5 27. c5+ Kh8 28. Be3 {[#] intending Bxf4.} Nxg2 $1 {[%mdl 512]} 29. Qd5 (29. Kxg2 Nh4+) 29... Qxd5 30. Rxd5 Nxe1 31. Nxe1 Nxe3 32. fxe3 dxc5 {Precision: White = 14%, Black = 62%.} 0-1

[Event "Karpov Trophy XVI 2018"]
[Site "Cap d/^Agde"]
[Date "2018.10.27"]
[Round "1.1"]
[White "Bressy, Theo"]
[Black "Moussard, Jules"]
[Result "0-1"]
[WhiteElo "2127"]
[BlackElo "2579"]
[Annotator "TA"]
[PlyCount "98"]
[EventDate "2018.10.17"]
[EventCountry "FRA"]
[SourceTitle "playchess.com"]
[Source "ChessBase"]
[SourceQuality "1"]

{[%evp 18,98,47,41,45,8,44,27,58,44,42,36,34,13,10,8,18,0,0,4,0,-20,5,0,0,0,0,-22,0,-5,-6,-5,-5,-45,-50,-52,-55,-57,-42,-61,-57,-65,-42,-45,-43,-50,-25,-40,-41,-57,-21,-48,-38,-43,-44,-81,-77,-150,-162,-241,-222,-287,-181,-295,-276,-273,-231,-228,-214,-214,-105,-187,-186,-245,-245,-610,-602,-558,-548,-797,-793,-685,-519]} 1. Nf3 c5 2. e4 d6 3. Bb5+ Nd7 4. d4 cxd4 5. Qxd4 a6 6. Bxd7+ Bxd7 7. Bg5 {B51: Sicilian: Moscow Variation (3 Bb5+) without 3...Bd7} (7. Nc3 e5 8. Qd3 h6 9. Nd2 Rc8 10. Nc4 Be6 11. Ne3 Nf6 12. Bd2 Be7 13. a4 O-O 14. O-O Qd7 15. a5 Rfd8 {½-½ (58) Duda,J (2737)-Nepomniachtchi,I (2757) Dortmund 2018}) 7... h6 8. Bh4 Nf6 9. Bxf6 gxf6 10. Nc3 {LiveBook: 3 Games} Rg8 11. g3 $146 ({Predecessor:} 11. Nd5 f5 12. O-O-O Rg4 13. Qb6 Qxb6 14. Nxb6 Rd8 15. Nxd7 Rxd7 16. exf5 Rxg2 {½-½ (46) Medvegy,Z (2498)-Adly,A (2429) Cairo 2003}) 11... Rc8 12. O-O-O Qa5 13. Nd2 Qc5 14. Qxc5 Rxc5 15. Nb3 Rc8 16. Nd5 Bg4 17. Rd4 f5 18. exf5 Bxf5 19. Ne3 Be6 20. Rb4 b5 $36 {[%mdl 2048] White is under pressure.} 21. Re1 Bg7 22. f4 Kd7 23. f5 Bxb3 24. axb3 Rc5 25. Rg4 h5 26. Rh4 Rh8 27. Re4 a5 28. Kb1 Re5 29. Ng2 Bf6 30. Rxe5 $1 Bxe5 $15 {[%mdl 4096] Endgame KRB-KRN} 31. Re4 Rg8 32. b4 a4 33. Ka2 Kc6 34. b3 axb3+ 35. Kxb3 Kd5 36. Rh4 {[#]} Bxg3 $1 {[%mdl 512]} 37. Rxh5 (37. Ne3+ $142 Kc6 38. hxg3 Rxg3 39. Re4) (37. hxg3 Rxg3+) 37... Be5 $17 38. Ne1 (38. Ne3+ {is a better defense.} Ke4 39. Nd1) 38... Rc8 $19 39. Rh7 Bf6 40. Rxf7 (40. Rh3 $142) 40... Rc3+ 41. Ka2 Rh3 42. Rf8 Rxh2 43. Kb3 {[#]} Rf2 (43... Rh1 $1 $19 {[%cal Rh1e1] and Black stays clearly on top.} 44. Nd3 Rb1+ 45. Ka2 Rf1) 44. Rb8 (44. c3 $17 {keeps fighting.}) 44... Kc6 ({Not} 44... Rxf5 45. Rxb5+ Ke4 46. Rxf5 $11) 45. Nd3 (45. c3 {might work better.}) 45... Rxf5 46. c4 $2 (46. c3) 46... Rf3 {Black is clearly winning.} 47. Kc2 bxc4 48. Nc1 Rf2+ 49. Kd1 Rb2 {Precision: White = 37%, Black = 72%.} 0-1

[Event "Karpov Trophy XVI 2018"]
[Site "Cap d/^Agde"]
[Date "2018.10.27"]
[Round "1.1"]
[White "Jehan, Julien"]
[Black "Velten, Paul"]
[Result "1-0"]
[WhiteElo "1991"]
[BlackElo "2483"]
[Annotator "TA"]
[PlyCount "43"]
[EventDate "2018.10.17"]
[EventCountry "FRA"]
[SourceTitle "playchess.com"]
[Source "ChessBase"]
[SourceQuality "1"]

{[%evp 19,43,64,43,36,50,49,37,39,53,23,45,16,13,13,18,13,13,7,9,18,16,0,51,3,587,602]} 1. d4 Nf6 2. Nf3 e6 3. c4 d5 4. g3 Be7 5. Bg2 O-O 6. Nbd2 {[%cal Bb1d2,Bd2c4,Bc4e5,Be5d3][%mdl 32]} dxc4 7. Nxc4 c5 8. O-O Nc6 9. dxc5 Bxc5 10. a3 a5 {LiveBook: 12 Games. E05: Open Catalan: 5 Nf3 Be7} 11. Nfe5 Nxe5 12. Nxe5 Qc7 $146 {White is slightly better.} ({Predecessor:} 12... Qe7 13. Qb3 Rd8 14. Be3 a4 15. Bxc5 Qxc5 16. Qc3 Qxc3 17. bxc3 Kf8 18. Rab1 {½-½ (60) Romero Holmes,A (2508)-Tejedor Fuente,E (2287) San Agustin 2012}) 13. Nd3 Rd8 14. Bg5 {[#] And now Rc1 would win.} Bd4 15. Qb3 h6 16. Rac1 $36 {[%mdl 2048] White fights for an advantage.} Qe7 17. Bxf6 Bxf6 18. Rc2 a4 19. Qb6 Bd4 20. Qc7 Qd6 ({Black should play} 20... Qxc7 $11 21. Rxc7 e5) 21. Rfc1 e5 $2 {[%mdl 8192] [#]} (21... Qxc7 $11 {and Black stays safe.} 22. Rxc7 Rb8) 22. Qxd6 {Precision: White = 36%, Black = 38%.} 1-0

[Event "Karpov Trophy XVI 2018"]
[Site "Cap d/^Agde"]
[Date "2018.10.27"]
[Round "1.1"]
[White "Warnier, Yanis"]
[Black "Dauphin, Thomas"]
[Result "1-0"]
[WhiteElo "1760"]
[BlackElo "1986"]
[Annotator "NA"]
[PlyCount "75"]
[EventDate "2018.10.17"]
[EventCountry "FRA"]
[SourceTitle "playchess.com"]
[Source "ChessBase"]
[SourceQuality "1"]
[TimeControl "5400+30"]

1. d4 {[%emt 0:00:00]} d5 {[%emt 0:00:00]} 2. Bf4 {[%emt 0:00:00]} e6 {[%emt 0:00:28]} 3. Nf3 {[%emt 0:00:02]} f5 {[%emt 0:01:04]} 4. e3 {[%emt 0:00:29]} Nf6 {[%emt 0:00:25]} 5. Nbd2 {[%emt 0:00:25]} Be7 {[%emt 0:02:10]} 6. Bd3 {[%emt 0:00:57]} O-O {[%emt 0:00:10]} 7. O-O {[%emt 0:00:07]} Bd7 {[%emt 0:02:32]} 8. h3 {[%emt 0:05:11]} Be8 {[%emt 0:00:40]} 9. c3 {[%emt 0:01:09]} c6 {[%emt 0:02:53]} 10. Ne5 {[%emt 0:01:00]} Nbd7 {[%emt 0:00:21]} 11. Ndf3 {[%emt 0:00:05]} Bh5 {[%emt 0:01:28]} 12. Qb3 {[%emt 0:02:39]} Qb6 {[%emt 0:01:02]} 13. Ng5 {[%emt 0:01:13]} Nxe5 {[%emt 0:03:37]} 14. dxe5 {[%emt 0:02:43]} Ne4 {[%emt 0:00:39]} 15. Nxe6 {[%emt 0:01:05]} Rf7 {[%emt 0:02:11]} 16. Bxe4 {[%emt 0:01:32]} fxe4 {[%emt 0:00:22]} 17. g4 {[%emt 0:02:40]} Bg6 {[%emt 0:00:36]} 18. Rfd1 {[%emt 0:02:39]} Bh4 {[%emt 0:01:19]} 19. Nd4 {[%emt 0:04:27]} Qd8 {[%emt 0:01:17]} 20. c4 {[%emt 0:02:06]} h5 {[%emt 0:06:22]} 21. cxd5 {[%emt 0:00:51]} hxg4 {[%emt 0:01:07]} 22. Ne6 {[%emt 0:00:25]} Bxf2+ {[%emt 0:00:32]} 23. Kxf2 {[%emt 0:01:30]} Qh4+ {[%emt 0:00:18]} 24. Ke2 {[%emt 0:01:21]} cxd5 {[%emt 0:06:32]} 25. Rxd5 {[%emt 0:02:18]} Bh5 {[%emt 0:00:04]} 26. Ng5 {[%emt 0:02:38]} gxh3+ {[%emt 0:02:04]} 27. Kd2 {[%emt 0:00:29]} Qf2+ {[%emt 0:01:09]} 28. Kc3 {[%emt 0:00:09]} a5 {[%emt 0:03:21]} 29. Rc5 {[%emt 0:06:12]} Rd8 {[%emt 0:00:39]} 30. Nxe4 {[%emt 0:01:20]} Qe2 {[%emt 0:04:00]} 31. Nd6 {[%emt 0:00:34]} Kf8 {[%emt 0:00:48]} 32. Qc4 {[%emt 0:08:53]} Qg2 {[%emt 0:04:21]} 33. Rc8 {[%emt 0:00:56]} Rfd7 {[%emt 0:06:58]} 34. e6 {[%emt 0:00:37]} Bg6 {[%emt 0:00:40]} 35. Rc1 {[%emt 0:01:22]} b5 {[%emt 0:00:28]} 36. Qc5 {[%emt 0:01:55]} b4+ {[%emt 0:00:55]} 37. Kb3 {[%emt 0:00:25]} a4+ {[%emt 0:00:09]} 38. Kxa4 1-0

[Event "Karpov Trophy XVI 2018"]
[Site "Cap d/^Agde"]
[Date "2018.10.28"]
[Round "2.1"]
[White "Kravtsiv, Martyn"]
[Black "Zachary, Matheo"]
[Result "1-0"]
[WhiteElo "2654"]
[BlackElo "2303"]
[Annotator "TA"]
[PlyCount "69"]
[EventDate "2018.10.17"]
[EventCountry "FRA"]
[SourceTitle "playchess.com"]
[Source "ChessBase"]
[SourceQuality "1"]

{[%evp 19,69,48,44,38,68,74,58,50,104,11,97,-7,-13,-53,-52,-80,-89,-110,-104,-106,-43,-37,-20,-62,-70,-61,0,0,0,0,0,0,0,0,86,70,94,48,40,52,88,82,211,218,546,520,596,590,774,765,733,700]} 1. e4 c5 2. Nf3 Nc6 3. d4 cxd4 4. Nxd4 e5 5. Nb5 d6 6. N1c3 a6 7. Na3 b5 8. Nd5 Nge7 9. Bd3 {B32: Sizilianisch (Löwenthal-Variante)} Nxd5 10. exd5 Ne7 {LiveBook: 3 Partien} 11. c4 {Weiß steht etwas besser.} Bd7 $146 ({Vorgänger:} 11... g6 12. cxb5 Bg7 13. O-O O-O 14. Re1 Bb7 15. bxa6 Bxd5 16. Bf1 Be6 {1-0 (30) Adhiban,B (2670)-Fawzy,A (2418) Khanty-Mansiysk 2017}) 12. O-O {[%cal Rc4b5]} Rb8 13. Bd2 Ng6 ({Günstiger ist} 13... g6 $14) 14. Qe1 (14. cxb5 $16 axb5 15. Nc2) 14... Qh4 (14... Be7 $11 {hält das Gleichgewicht.}) 15. c5 (15. cxb5 $16 axb5 16. f4) 15... Qd4 $11 16. Be4 {[%cal Bd3e4,Be4f3,Bf3h5][%mdl 32]} f5 17. Bf3 {Le3 ist eine echte Drohung.} dxc5 18. Bc3 Qf4 19. Bh5 {[#]} Bd6 (19... e4 $1 $17 {Weiss muss nun ...b4 beachten.} 20. f3 Bd6) 20. g3 $15 Qe4 21. f3 Qxe1 $1 ({Nur nicht} 21... Qxd5 $2 22. Rd1 $18) 22. Rfxe1 Ke7 (22... O-O $15 23. Bxg6 b4) 23. Bxg6 $1 $11 hxg6 24. Bxe5 Bxe5 25. f4 $1 Rbd8 {Schwarz will ...Le6! spielen.} 26. fxe5 Bc8 (26... Be6 $11 {bleibt in der Remisbreite.} 27. dxe6 Rd2) 27. d6+ $16 Ke6 28. b4 Bb7 29. bxc5 {Und weiter mit Sc2 wäre nett.} Be4 30. Rad1 g5 (30... Kd7 $16) 31. Rd2 $18 Rhe8 $2 (31... Rd7 {leistet mehr Widerstand.}) 32. Nc2 {Weiß steht klar auf Gewinn.} Kd7 33. Nb4 Rc8 {[#]} 34. c6+ $1 {[%mdl 512]} Bxc6 {[#]} 35. e6+ $1 {[%mdl 512] Precision: Weiß = 52%, Schwarz = 33%.} 1-0

[Event "Karpov Trophy XVI 2018"]
[Site "Cap d/^Agde"]
[Date "2018.10.28"]
[Round "2.1"]
[White "Gozzoli, Yannick"]
[Black "Muller, Anthony"]
[Result "1-0"]
[WhiteElo "2612"]
[BlackElo "2282"]
[Annotator "TA"]
[PlyCount "77"]
[EventDate "2018.10.17"]
[EventCountry "FRA"]
[SourceTitle "playchess.com"]
[Source "ChessBase"]
[SourceQuality "1"]

{[%evp 22,77,34,34,36,28,34,28,33,34,38,37,34,37,35,35,42,41,91,87,76,43,81,80,90,70,77,74,122,134,117,116,127,136,109,108,133,133,128,128,114,114,124,125,96,137,130,73,309,304,293,288,630,599,592,574,583,573]} 1. d4 {CB} d5 2. c4 c6 3. Nf3 Nf6 4. Nc3 e6 5. Bg5 Nbd7 6. e3 Qa5 7. Nd2 Bb4 8. Rc1 {D52: Queen's Gambit Declined: Cambridge Springs Variation} Ne4 9. Ncxe4 dxe4 10. Bh4 Qxa2 11. Be2 Qa5 12. O-O {LiveBook: 3 Games} Bxd2 13. Ra1 Qb4 14. Qc2 {[#]} O-O $146 ({Predecessor:} 14... c5 15. Ra4 {0-1 (63) Grischuk,A (2810)-Mamedyarov,S (2759) Tbilisi 2015 CBM 165 [CB]}) 15. c5 {[#] Black must now prevent Ra4.} b5 $1 16. Rfd1 a5 ({Much worse is} 16... g5 $6 17. Bxg5 (17. Bg3 f5 $11) 17... f5 18. Rxd2 $16) 17. Rxd2 a4 18. Rdd1 Bb7 19. Ra3 Qa5 20. Qxe4 Rfe8 21. f4 (21. Raa1 {is more complex.} Qb4 22. Qc2 e5 23. Bg4 Bc8 24. Bf3) 21... Qc7 22. Qc2 Nf8 23. g4 f5 24. Bg3 Ng6 25. gxf5 exf5 26. Qxf5 b4 27. Bc4+ Kh8 28. Rad3 {Threatens to win with Qh5.} Ba6 29. Bxa6 Rxa6 30. Qh5 Qe7 31. f5 Nf8 32. e4 a3 33. bxa3 bxa3 34. Re3 (34. Qf3 $142) 34... Ra4 $2 (34... Nd7 $16) 35. Bd6 $18 Qd7 36. e5 a2 $2 (36... Raa8 37. e6 Nxe6) 37. e6 {White is clearly winning.} Nxe6 38. fxe6 Rxe6 {[#]} 39. Qf5 $1 {Precision: White = 79%, Black = 51%.} 1-0

[Event "Karpov Trophy XVI 2018"]
[Site "Cap d/^Agde"]
[Date "2018.10.28"]
[Round "2.1"]
[White "Moussard, Jules"]
[Black "Ouakhir, Pierre Mehdi"]
[Result "1-0"]
[WhiteElo "2579"]
[BlackElo "2258"]
[Annotator "TA"]
[PlyCount "115"]
[EventDate "2018.10.17"]
[EventCountry "FRA"]
[SourceTitle "playchess.com"]
[Source "ChessBase"]
[SourceQuality "1"]

{[%evp 16,115,18,-2,15,-3,-2,-18,-16,-13,29,16,65,56,68,69,68,39,38,44,85,87,87,80,83,79,75,75,87,58,55,57,56,58,61,58,68,67,71,67,86,49,44,51,62,23,25,20,24,16,47,47,46,39,43,43,49,58,71,60,97,100,100,100,106,101,114,105,103,92,103,93,370,358,335,202,339,341,393,295,556,406,873,481,5462,4655,5552,5462,1607,4134,29964,1835,5552,5552,29975,29976,29976,29976,29975,29976,29969,29970]} 1. e4 e5 2. Nf3 Nc6 3. Bc4 Bc5 4. c3 Nf6 5. d3 a6 6. Nbd2 d6 7. Bb3 Ba7 8. h3 O-O {C54: Giuoco Piano: 4 c3 Nf6, main lines with 5 d4 and 5 d3} 9. Nh2 {LiveBook: 5 Games} Kh8 $146 ({Predecessor:} 9... Be6 10. Ndf1 d5 11. Qf3 dxe4 12. dxe4 Nd7 13. Be3 Nc5 14. Bxc5 Bxc5 15. Ng4 Qg5 16. Qe2 {0-1 (56) Bauer,C (2646)-Prohaszka,P (2599) Austria 2015}) 10. Ndf1 d5 {The position is equal.} 11. Qf3 dxe4 12. dxe4 Ng8 13. Be3 f5 14. Rd1 Qe7 15. Bxa7 fxe4 16. Qe3 Nxa7 17. Ng3 Nh6 18. O-O Nf5 19. Nxf5 Bxf5 {[#]} 20. Bd5 $1 Nc6 21. Rfe1 Qh4 22. Nf1 Ne7 23. Ng3 {[%cal Rd5e4]} Nxd5 24. Rxd5 Bg6 25. Rxe5 {[%cal Rg3e4]} Rae8 26. Rxe8 Rxe8 27. Rd1 Qe7 28. b4 h6 29. a3 b6 30. Rd4 c5 31. Rd5 {[%cal Rb4c5]} Qe6 32. Rd2 cxb4 33. cxb4 a5 34. Ne2 axb4 35. axb4 Qc6 36. Rd4 Bh7 37. Nc3 Rc8 38. Nxe4 Qc1+ 39. Qxc1 Rxc1+ 40. Kh2 Bxe4 41. Rxe4 $16 {[%mdl 4096] Endgame KR-KR} Rb1 42. h4 Rb3 43. f3 h5 $2 {[%mdl 8192] [#]} (43... Rb2 $16) 44. Re5 $18 Rxb4 45. Rxh5+ Kg8 46. g4 Rb1 47. Kg3 b5 $2 (47... Rg1+ 48. Kf2 Rh1) 48. Rc5 Rb4 (48... b4 $142 49. Kf4 b3) 49. h5 Kh7 (49... Rb1 $142 50. Kf4 b4) 50. Rc8 Rb1 51. Kf4 Rh1 52. Rb8 Rc1 53. Rxb5 (53. g5 $142 g6 54. hxg6+ Kg7 55. Rb7+ Kxg6 56. Rb6+ Kg7 57. Rxb5 Kg6 58. Rb6+ Kg7 59. Kg4) 53... Rc6 54. Rb8 Ra6 55. g5 {White mates.} Ra4+ 56. Kg3 Ra7 57. f4 g6 58. Kg4 {Precision: White = 71%, Black = 29%.} 1-0